000
00223nam a22000857a 4500
008
170616b xxu||||| |||| 00| 0 eng d
100
_9
3456
_a
Menon. N. M
245
_a
Asthma. How to control it
260
_a
New Delhi
_b
N. B. T
_c
2007
999
_c
6830
_d
6830